00517 2200193 4500001002100000005001500021035002000036245006100056100002100117250000600138300003700144260004300181082000800224084001400232020001900246650002400265990001700289990001700306INLIS00000000000085520190312053745 a0010-03190000681 aEnsiklopedia Sastra Indonesia Modern /cDr. Dendy Sugono0 aDr. Dendy Sugono a- axii, 271 hlm. :bilus. ;c21 cm. aBandung :bPT Remaja Rosdakarya,c2003 a803 a803 DEN e a979-692-283-52 aEnsiklopedia Sastra a03057/H/2018 a03058/H/2018